000 00592nam a2200241 a 4500
001 0001-1034
003 ELIB.Books
008 141113 2010 eng
020 _a0842337911
035 _a(ELIB.Books)0001-1188
092 _aFic
_bAlc
100 _aAlcorn, Randy.
245 _aSafely Home
260 _aWheaton
_bTyndale House Publishers, Inc.
_c2001
300 _a402
_c23.5 Cm
500 _aTaylor, Saw.
650 _aFiction
856 _nKBTS; Library
_uKBTS; Elib.
942 _2ddc
_cBK
990 _a1
998 _cbat
_e2014-11-13
999 _c11034
_d11034